[Event "Bundesliga 2016-17"]
[Site "masterchessopen.com Solingen GER"]
[Date "2017.03.19"]
[Round "10.4"]
[White "Koehler,R"]
[Black "L'Ami,E"]
[Result "0-1"]
[WhiteElo "2282"]
[BlackElo "2605"]
[EventType "team"]

1.d4 f5 2.Nf3 Nf6 3.g3 e6 4.Bg2 d5 5.O-O Bd6 6.c4 O-O 7.b3 b6 8.Ba3 Bb7 9.c5
bxc5 10.dxc5 Be7 11.Nd4 Qd7 12.f4 Nc6 13.e3 Nxd4 14.exd4 a5 15.Qc2 Ba6 16.Re1
Ne4 17.Nd2 c6 18.Nf3 Bf6 19.Bc1 Rfb8 20.Bd2 Qd8 21.Reb1 Be2 22.Bxa5 Qxa5
23.Qxe2 Qc3 24.Rd1 Rxb3 25.Ne5 Bxe5 26.fxe5 Rb2 27.Qd3 Qxd3 28.Rxd3 Raxa2
29.Rxa2 Rxa2 30.Bxe4 dxe4 31.Rb3 g5 32.Rb6 e3 33.Rxc6 Ra1+ {#R} 0-1

[Event "Bundesliga 2016-17"]
[Site "masterchessopen.com Solingen GER"]
[Date "2017.03.19"]
[Round "10.4"]
[White "Nikolic,Pr"]
[Black "Spitzl,Vinzent"]
[Result "1-0"]
[WhiteElo "2622"]
[BlackElo "2146"]
[EventType "team"]

1.Nf3 d5 2.g3 Nf6 3.Bg2 Bg4 4.O-O Nbd7 5.c4 c6 6.cxd5 cxd5 7.h3 Bh5 8.d3 e6
9.Nc3 Bd6 10.e4 dxe4 11.dxe4 Bc5 12.e5 Bxf3 13.Qxf3 Nxe5 14.Qxb7 Rb8 15.Qa6
Qd3 16.Qa4+ Nfd7 17.Ne4 Be7 18.Bf4 Rb4 19.Qxa7 O-O 20.Bxe5 Nxe5 21.Qxe7 Rxe4
22.Rad1 Qe2 23.Rd8 {#r} 1-0

[Event "Bundesliga 2016-17"]
[Site "masterchessopen.com Berlin GER"]
[Date "2017.03.19"]
[Round "10.5"]
[White "Melkumyan,H"]
[Black "Erdos,V"]
[Result "0-1"]
[WhiteElo "2653"]
[BlackElo "2585"]
[EventType "team"]

1.Nf3 d5 2.d4 c6 3.c4 e6 4.e3 Nd7 5.Bd3 f5 6.O-O Nh6 7.b3 Qf6 8.a4 a5 9.Ba3
Bxa3 10.Nxa3 Nf7 11.Nc2 g5 12.b4 g4 13.Nd2 Rg8 14.f4 gxf3 15.Nxf3 axb4 16.Nxb4
Nd6 17.Qe2 Qh6 18.a5 Nf6 19.Ne5 Nf7 20.Nxf7 Kxf7 21.g3 Qf8 22.c5 h5 23.Rf4 Qh6
24.Kh1 Rg4 25.Qf2 h4 26.Rxg4 Nxg4 27.Qf4 hxg3 28.Qxh6 Nxh6 29.h3 e5 30.Kg2 Kf6
31.Kxg3 f4+ 32.Kf2 e4 33.Bf1 Nf5 34.Nc2 fxe3+ 35.Ke2 Be6 36.Ra4 Rg8 37.Nxe3
Nxe3 38.Kxe3 Rg3+ 39.Ke2 Rb3 40.a6 bxa6 41.Rxa6 Bd7 42.Kd2 Kg5 43.Be2 Kf4
44.Bg4 Bxg4 45.hxg4 e3+ 46.Kc2 e2 47.Ra1 Rf3 {#R} 0-1

[Event "Bundesliga 2016-17"]
[Site "masterchessopen.com Berlin GER"]
[Date "2017.03.19"]
[Round "10.5"]
[White "Bobras,P"]
[Black "Schreiner,Pe"]
[Result "1-0"]
[WhiteElo "2524"]
[BlackElo "2463"]
[EventType "team"]

1.e4 e5 2.Nf3 Nc6 3.Bb5 a6 4.Ba4 Nf6 5.O-O Be7 6.Re1 d6 7.Bxc6+ bxc6 8.d4 exd4
9.Nxd4 Bd7 10.Nc3 O-O 11.Qf3 Re8 12.b3 Qc8 13.Bb2 Bf8 14.h3 h6 15.Rad1 Nh7
16.Qg3 c5 17.Nde2 f5 18.Nf4 fxe4 19.Ncd5 Bf5 20.Nh5 Re6 21.Nhf4 Re8 22.Bxg7
Bxg7 23.Nh5 Ng5 24.Nxg7 Kxg7 25.h4 Bg4 26.hxg5 Bxd1 27.Qc3+ Re5 28.f4 Bg4
29.fxe5 hxg5 30.exd6+ Kh6 31.Qf6+ Kh5 32.Rxe4 Qg8 33.Nf4+ Kh4 34.Qh6+ {#r} 1-0

[Event "Bundesliga 2016-17"]
[Site "masterchessopen.com Berlin GER"]
[Date "2017.03.19"]
[Round "10.5"]
[White "Agopov,M"]
[Black "Galyas,M"]
[Result "1-0"]
[WhiteElo "2433"]
[BlackElo "2467"]
[EventType "team"]

1.e4 d5 2.exd5 Qxd5 3.Nf3 Bg4 4.Be2 Nc6 5.O-O O-O-O 6.h3 Bxf3 7.Bxf3 Qd7 8.c3
Ne5 9.d4 Nxf3+ 10.Qxf3 Nf6 11.Nd2 Qd5 12.Qe2 e6 13.Nf3 Bd6 14.c4 Qe4 15.Be3 c6
16.Rfc1 h6 17.b4 Bf4 18.Nd2 Qf5 19.g4 Qg5 20.Nf3 Bxe3 21.Nxg5 Bxg5 22.Rd1 Bf4
23.Qf3 g5 24.b5 cxb5 25.Rab1 a6 26.a4 h5 27.gxh5 Rxh5 28.axb5 a5 29.Ra1 Rdh8
30.Rxa5 Rxh3 31.Ra8+ Bb8 32.Qxf6 Rh1+ 33.Kg2 R8h2+ 34.Kf3 Rxd1 35.b6 {#r} 1-0

[Event "Bundesliga 2016-17"]
[Site "masterchessopen.com Berlin GER"]
[Date "2017.03.19"]
[Round "10.5"]
[White "Cioara,A"]
[Black "Thiede,L"]
[Result "1-0"]
[WhiteElo "2433"]
[BlackElo "2420"]
[EventType "team"]

1.d4 d6 2.c4 e5 3.Nf3 e4 4.Nfd2 f5 5.Nc3 Nf6 6.e3 g6 7.f4 Bg7 8.Be2 O-O 9.b4
c5 10.bxc5 dxc5 11.Nb3 cxd4 12.exd4 Be6 13.Be3 Bf7 14.Rc1 Nbd7 15.O-O Nb6
16.d5 Rc8 17.Nb5 a6 18.N5d4 Nbxd5 19.cxd5 Nxd5 20.Qd2 Nxe3 21.Qxe3 Qd6 22.Rfd1
Qb4 23.Kf1 Rfd8 24.Rxc8 Rxc8 25.Qd2 Qxd2 26.Rxd2 h5 27.Kf2 Kf8 28.Rc2 Rxc2
29.Nxc2 Ke7 30.Nc5 b6 31.Nxa6 Bxa2 32.Ke3 h4 33.Bb5 Bb2 34.Kd2 Bb3 35.Nab4 Kf6
36.Ne3 Bd4 37.Nc6 Bc5 38.Ne5 Bd4 39.Nc6 Bc5 40.Ne5 Bd4 41.N5c4 Bxc4 42.Bxc4 g5
43.g3 hxg3 44.hxg3 gxf4 45.gxf4 Bc5 46.Ke2 Bd6 47.Nd5+ Kg6 48.Kf2 Bc5+ 49.Kg3
Bd4 50.Bb5 Bc5 51.Bd7 Bd6 52.Nxb6 Bb4 53.Nd5 Be1+ 54.Kg2 Bd2 55.Kf2 Bc1 56.Kg3
Bd2 57.Ne7+ Kf6 58.Nxf5 Be1+ 59.Kg4 Bd2 60.Ng3 Bxf4 61.Kxf4 e3 62.Kxe3 Ke5
63.Bc6 Kd6 64.Be4 Ke5 65.Nf5 Kf6 66.Kf4 Ke6 67.Bc6 Kf6 68.Bd7 Kg6 69.Nd6 Kf6
70.Bf5 Ke7 71.Ke5 Kd8 72.Nb5 Ke7 73.Be6 Ke8 74.Kf6 Kf8 75.Bd7 Kg8 76.Nd6 Kf8
77.Nf7 Kg8 78.Bf5 Kf8 79.Bh7 Ke8 80.Ne5 Kd8 81.Ke6 Kc7 82.Nd7 Kc6 83.Bd3 Kc7
84.Bb5 Kd8 85.Kd6 Ke8 86.Bc4 Kd8 87.Bf7 Kc8 88.Nc5 Kd8 89.Nb7+ Kc8 90.Kc6 Kb8
91.Kb6 Kc8 92.Be6+ Kb8 93.Nc5 Ka8 94.Bh3 Kb8 95.Na6+ {#r} 1-0

[Event "Bundesliga 2016-17"]
[Site "masterchessopen.com Berlin GER"]
[Date "2017.03.19"]
[Round "10.6"]
[White "Stern,R"]
[Black "Granda Zuniga,J"]
[Result "0-1"]
[WhiteElo "2521"]
[BlackElo "2648"]
[EventType "team"]

1.Nf3 d5 2.d4 Nf6 3.c4 c6 4.cxd5 cxd5 5.Nc3 Nc6 6.Bf4 Nh5 7.Bd2 e6 8.e3 Nf6
9.Bd3 Be7 10.O-O O-O 11.Rc1 Qd6 12.Qe2 Bd7 13.Rfd1 Rfd8 14.h3 Be8 15.a3 a6
16.Be1 Rac8 17.Bb1 Qb8 18.e4 dxe4 19.Nxe4 Nd5 20.g3 Bf8 21.Ba2 Nce7 22.Nc3 g6
23.Ne5 Bg7 24.h4 Nc7 25.h5 Nc6 26.Nxc6 Bxc6 27.hxg6 hxg6 28.Qg4 Ne8 29.Ne4 Bd5
30.Rxc8 Qxc8 31.Bxd5 Rxd5 32.Nc3 Rd8 33.d5 Nf6 34.Qf3 exd5 35.Nxd5 Nxd5
36.Rxd5 Rxd5 37.Qxd5 Bxb2 38.Bb4 Bf6 39.Kg2 Bg7 40.a4 Bf8 41.Bd2 Bc5 42.f3 Bb6
43.g4 Qc2 44.Kg3 Qd1 45.Qxb7 Qg1+ 46.Kh3 Qh1+ 47.Kg3 Bg1 48.Qb8+ Kh7 {#R} 0-1

[Event "Bundesliga 2016-17"]
[Site "masterchessopen.com Berlin GER"]
[Date "2017.03.19"]
[Round "10.6"]
[White "Braga,F"]
[Black "Fruebing,S"]
[Result "0-1"]
[WhiteElo "2422"]
[BlackElo "2381"]
[EventType "team"]

1.c4 g6 2.g3 Bg7 3.Bg2 e5 4.Nc3 Nc6 5.e3 f5 6.d3 Nf6 7.Nge2 O-O 8.O-O d6 9.b3
Ne7 10.Bb2 g5 11.f4 h6 12.Qd2 c6 13.Rae1 Ng6 14.Nd1 Re8 15.Nf2 Qb6 16.Kh1 Bd7
17.e4 gxf4 18.gxf4 Nh4 19.fxe5 dxe5 20.exf5 Nxg2 21.Kxg2 Bxf5 22.Ng3 Bg6
23.Nfe4 Nxe4 24.Nxe4 c5 25.Rf3 Qc6 26.Qe3 Rf8 27.Ref1 Rf4 28.Nc3 Bh5 29.Nd5
Bxf3+ 30.Rxf3 Rxf3 31.Kxf3 Qe6 32.Ke2 Qg4+ 33.Kd2 Qg2+ 34.Kc1 Rf8 35.Ne7+ Kh8
36.Kb1 Rf1+ 37.Bc1 e4 {#R} 0-1

[Event "Bundesliga 2016-17"]
[Site "masterchessopen.com Berlin GER"]
[Date "2017.03.19"]
[Round "10.6"]
[White "Muse,D"]
[Black "Braun,Christi2"]
[Result "0-1"]
[WhiteElo "2358"]
[BlackElo "2376"]
[EventType "team"]

1.Nf3 Nf6 2.c4 g6 3.Nc3 Bg7 4.g3 O-O 5.Bg2 d6 6.O-O c6 7.Rb1 d5 8.cxd5 Nxd5
9.e4 Nb6 10.d4 Bg4 11.Ne2 e5 12.dxe5 N8d7 13.h3 Bxf3 14.Bxf3 Nxe5 15.Bg2 Nd3
16.Qb3 Nxc1 17.Rbxc1 Qd2 18.Rc2 Qa5 19.Rfc1 Rad8 20.Rc5 Qa4 21.Qxa4 Nxa4
22.Ra5 Nxb2 23.Rxa7 Rd2 24.Bf3 Nd3 25.Rf1 b5 26.Kg2 c5 27.Nc1 Nxc1 28.Rxc1 c4
29.Ra5 Bd4 30.Rf1 c3 31.Ra6 Rc8 {#R} 0-1

[Event "Bundesliga 2016-17"]
[Site "masterchessopen.com Berlin GER"]
[Date "2017.03.19"]
[Round "10.6"]
[White "Van Foreest,Lucas"]
[Black "Von Herman,U"]
[Result "1-0"]
[WhiteElo "2350"]
[BlackElo "2340"]
[EventType "team"]

1.e4 c5 2.Nf3 Nc6 3.Bb5 Qc7 4.Nc3 a6 5.Bxc6 dxc6 6.h3 e5 7.d3 Ne7 8.a4 a5
9.Nh4 Ng6 10.Qh5 Nxh4 11.Qxh4 Be6 12.f4 exf4 13.Bxf4 Qb6 14.O-O-O Rd8 15.Rhf1
c4 16.Qg3 Rd7 17.d4 f6 18.d5 Bf7 19.d6 g6 20.e5 f5 21.Be3 Qb4 22.e6 {#r} 1-0

[Event "Bundesliga 2016-17"]
[Site "masterchessopen.com Schwaebisch Hall GER"]
[Date "2017.03.19"]
[Round "10.7"]
[White "Gharamian,T"]
[Black "Kindermann,S"]
[Result "1-0"]
[WhiteElo "2626"]
[BlackElo "2509"]
[EventType "team"]

1.e4 e6 2.d4 d5 3.Nc3 Nf6 4.e5 Nfd7 5.f4 c5 6.Nf3 Nc6 7.Be3 cxd4 8.Nxd4 Bc5
9.Qd2 O-O 10.O-O-O a6 11.Qf2 Nxd4 12.Bxd4 b6 13.Kb1 Bb7 14.Be2 Qc7 15.Rhf1 b5
16.Bd3 Bxd4 17.Qxd4 Nc5 18.g4 Rac8 19.h4 Rfd8 20.h5 b4 21.Ne2 a5 22.h6 g6
23.Rc1 Ba6 24.Bxa6 Nxa6 25.Rfd1 Qb7 26.c4 bxc3 27.Rxc3 Qb5 28.Rdc1 Rb8 29.Qd2
d4 30.Rd3 Nb4 31.Rxd4 Rxd4 32.Nxd4 Qd5 33.Nb3 Qxd2 34.Nxd2 Nd3 35.Rc3 Nxf4
36.Ra3 Kf8 37.Rxa5 Rd8 38.Nc4 Rd4 39.Ra8+ Ke7 40.Ra7+ Rd7 41.Ra8 f5 42.Rh8
Rd1+ 43.Kc2 Rh1 44.Rxh7+ Kf8 45.Rh8+ Ke7 46.h7 Kf7 47.Rd8 Rxh7 48.Rd7+ Kg8
49.Rxh7 Kxh7 50.g5 {#r} 1-0

[Event "Bundesliga 2016-17"]
[Site "masterchessopen.com Schwaebisch Hall GER"]
[Date "2017.03.19"]
[Round "10.7"]
[White "Mons,L"]
[Black "Postny,E"]
[Result "0-1"]
[WhiteElo "2461"]
[BlackElo "2611"]
[EventType "team"]

1.d4 Nf6 2.c4 e6 3.Nc3 Bb4 4.e3 d5 5.a3 Bxc3+ 6.bxc3 O-O 7.cxd5 exd5 8.Bd3 b6
9.Ne2 Ba6 10.Bxa6 Nxa6 11.Qd3 Qc8 12.f3 c5 13.O-O Re8 14.Ng3 Qb7 15.Bb2 Re6
16.Rfe1 c4 17.Qd2 b5 18.Re2 Rae8 19.Rae1 Nc7 20.Qc2 h5 21.Qf5 h4 22.Nh1 a5
23.Qh3 b4 24.axb4 axb4 25.Qxh4 bxc3 26.Bxc3 Qb3 27.Bd2 Nb5 28.Qf2 c3 29.Bc1
Nxd4 30.Ra2 Qc4 31.Ng3 Nb3 32.Qe2 Qc5 33.Nf1 d4 34.Ba3 Qb6 35.Rb1 dxe3 36.Bc5
Qxc5 37.Rxb3 Nd5 38.g3 Nb4 39.Ra1 Nc2 {#R} 0-1

[Event "Bundesliga 2016-17"]
[Site "masterchessopen.com Schwaebisch Hall GER"]
[Date "2017.03.19"]
[Round "10.7"]
[White "Schramm,C"]
[Black "Le Roux,JP"]
[Result "0-1"]
[WhiteElo "2390"]
[BlackElo "2549"]
[EventType "team"]

1.e4 g6 2.d4 d6 3.Nc3 Bg7 4.g3 Nf6 5.Bg2 O-O 6.Nge2 Nc6 7.O-O e5 8.dxe5 dxe5
9.Nd5 h6 10.Nec3 Nxd5 11.Nxd5 Be6 12.Be3 Nd4 13.c3 Bxd5 14.exd5 Nf5 15.Bd2 Re8
16.Re1 Bf8 17.Qc1 Kh7 18.b4 a5 19.a3 Qd7 20.c4 Nd4 21.Qb2 Qa4 22.c5 Nc2 23.d6
Nxa1 24.dxc7 Qc2 25.Qxa1 Qxd2 26.Rd1 Qe2 27.Bxb7 Rac8 28.Bxc8 Rxc8 29.Rd7 Kg8
30.Qf1 Qe4 31.Qa6 Qb1+ 32.Kg2 Qe4+ 33.Kg1 Qb1+ 34.Qf1 Qe4 35.Qd1 Qc6 36.bxa5
Rxc7 37.Rd5 Bxc5 38.h4 Bd4 {#R} 0-1

[Event "Bundesliga 2016-17"]
[Site "masterchessopen.com Schwaebisch Hall GER"]
[Date "2017.03.19"]
[Round "10.7"]
[White "Wirig,A"]
[Black "Zysk,R"]
[Result "1-0"]
[WhiteElo "2481"]
[BlackElo "2385"]
[EventType "team"]

1.Nf3 Nf6 2.d4 e6 3.Bf4 b6 4.e3 Bb7 5.h3 Bd6 6.Bd3 Bxf4 7.exf4 c5 8.dxc5 bxc5
9.O-O Qc7 10.Ne5 Nc6 11.Re1 d6 12.Ng4 Nxg4 13.Qxg4 O-O 14.f5 Ne5 15.Rxe5 dxe5
16.f6 g6 17.Qg5 Kh8 18.Nc3 Rad8 19.Re1 Rg8 20.Rxe5 Bd5 21.b3 Qd6 22.h4 Qf8
23.Na4 c4 24.bxc4 Bc6 25.Nc3 Rd4 26.Ne2 h6 27.Qg3 Rd7 28.Qe3 Rb7 29.Kh2 Rd7
30.Nd4 Ba8 31.Kg1 Rc7 32.Nb5 Rd7 33.Nxa7 Kh7 34.Nb5 Kh8 35.a4 Bc6 36.Nd4 Ba8
37.a5 Bb7 38.Rb5 Ba6 39.Rb8 {#r} 1-0

[Event "Bundesliga 2016-17"]
[Site "masterchessopen.com Schwaebisch Hall GER"]
[Date "2017.03.19"]
[Round "10.7"]
[White "Zeller,F"]
[Black "Hoffmeyer,F"]
[Result "0-1"]
[WhiteElo "2397"]
[BlackElo "2354"]
[EventType "team"]

1.e4 c6 2.d4 d5 3.Nc3 dxe4 4.Nxe4 Bf5 5.Ng3 Bg6 6.h4 h6 7.Nf3 Nd7 8.h5 Bh7
9.Bd3 Bxd3 10.Qxd3 e6 11.Bf4 Qa5+ 12.Bd2 Bb4 13.c3 Be7 14.c4 Qc7 15.Kf1 Ngf6
16.Re1 O-O 17.Rh4 Rad8 18.Qc2 Rfe8 19.Ne5 Bd6 20.Bc3 c5 21.Nxd7 Rxd7 22.Ne4
Nxe4 23.Rhxe4 Bf8 24.d5 Qh2 25.g4 Red8 26.dxe6 fxe6 27.R4e3 Be7 28.Qe4 Bh4
29.Rf3 Bg5 30.Qxe6+ Kh8 31.Qe5 Qh1+ 32.Ke2 Rd2+ {#R} 0-1

[Event "Bundesliga 2016-17"]
[Site "masterchessopen.com Schwaebisch Hall GER"]
[Date "2017.03.19"]
[Round "10.8"]
[White "Eljanov,P"]
[Black "Bischoff,K"]
[Result "1-0"]
[WhiteElo "2741"]
[BlackElo "2504"]
[EventType "team"]

1.e4 Nf6 2.e5 Nd5 3.d4 d6 4.Nf3 Bg4 5.Be2 e6 6.O-O Be7 7.c4 Nb6 8.Nc3 O-O
9.Be3 N8d7 10.exd6 cxd6 11.b3 a6 12.h3 Bh5 13.Qd2 Bg6 14.Rfd1 Nf6 15.Rac1 Re8
16.Qe1 h6 17.Nd2 Nbd7 18.Bf3 Rb8 19.b4 e5 20.d5 Rc8 21.Qf1 Nh7 22.Nb3 f5
23.Na5 f4 24.Bd2 Rc7 25.Be4 Bxe4 26.Nxe4 Ndf6 27.Qd3 Bf8 28.f3 Nxe4 29.fxe4 g5
30.Be1 Rg7 31.c5 g4 32.hxg4 Qg5 33.Qh3 Qg6 34.Qh5 Qxh5 35.gxh5 Nf6 36.Bh4 Nxe4
37.Rc4 Ng5 38.Bxg5 hxg5 39.c6 b6 40.Nb3 Kh7 41.g4 fxg3 42.Nd2 Rf7 43.Ne4 Kh6
44.Nxg3 b5 45.Re4 Be7 46.Rf1 Rxf1+ 47.Kxf1 Rf8+ 48.Ke2 Bd8 49.Rg4 Rf4 50.Rxf4
exf4 51.Nf5+ Kxh5 52.Nxd6 g4 53.Ne4 {#r} 1-0

[Event "Bundesliga 2016-17"]
[Site "masterchessopen.com Schwaebisch Hall GER"]
[Date "2017.03.19"]
[Round "10.8"]
[White "Fedorovsky,M"]
[Black "Nisipeanu,LD"]
[Result "0-1"]
[WhiteElo "2498"]
[BlackElo "2687"]
[EventType "team"]

1.e4 c6 2.d4 d5 3.Nc3 dxe4 4.Nxe4 Bf5 5.Ng3 Bg6 6.h4 h6 7.Nf3 e6 8.Ne5 Bh7
9.Bd3 Bxd3 10.Qxd3 Nd7 11.f4 Ngf6 12.Bd2 Bd6 13.O-O-O Qc7 14.Rhe1 O-O 15.Ne4
Nxe4 16.Qxe4 f5 17.Qf3 Nf6 18.Qb3 Rfe8 19.Bb4 Bxb4 20.Qxb4 Rad8 21.Qb3 Rd5
22.g3 Kh7 23.c4 Rd6 24.Qc2 Kg8 25.c5 Rd5 26.Nc4 b6 27.Nd6 Re7 28.Re5 Ng4
29.Rxd5 cxd5 30.Re1 bxc5 31.Qxc5 Nf2 32.Kb1 Ne4 33.Nxe4 fxe4 34.Rc1 Qb7 35.Qd6
Qd7 36.Qe5 Qb5 37.a3 Kh7 38.f5 Rb7 39.Rc2 Qf1+ 40.Ka2 Qxf5 41.Qd6 e3 42.Qc6
Qe4 43.Re2 Rf7 44.Qc3 Rf3 45.Kb3 e5 46.dxe5 d4 47.Qc4 Rf5 {#R} 0-1

[Event "Bundesliga 2016-17"]
[Site "masterchessopen.com Schwaebisch Hall GER"]
[Date "2017.03.19"]
[Round "10.8"]
[White "Bartel,Mat"]
[Black "Dragnev,Valentin"]
[Result "1-0"]
[WhiteElo "2641"]
[BlackElo "2438"]
[EventType "team"]

1.e4 e5 2.Nf3 Nc6 3.Bb5 a6 4.Ba4 Nf6 5.O-O Be7 6.Re1 b5 7.Bb3 d6 8.c3 O-O 9.h3
Re8 10.d4 Bb7 11.Nbd2 Bf8 12.d5 Nb8 13.Nf1 Nbd7 14.Ng3 h6 15.Nh2 Nc5 16.Bc2 c6
17.Ng4 Nxg4 18.hxg4 g6 19.Be3 Qh4 20.Nf1 Bc8 21.b4 Na4 22.Bxa4 bxa4 23.Qxa4
Qd8 24.dxc6 Be6 25.Bd2 d5 26.Rad1 Qc7 27.Bxh6 Bxh6 28.exd5 Bxg4 29.d6 Bxd1
30.Rxd1 Qb6 31.c7 Re6 32.Qd7 Bf8 33.c8=Q Rxc8 34.Qxc8 Rxd6 35.Rxd6 Qxd6 36.a4
Kg7 37.Qc4 Be7 38.a5 Bg5 39.Qg4 Bc1 40.Qe2 Kf8 41.g3 Kg7 42.Qc2 Bg5 43.Qe4 Qc7
44.c4 Bc1 45.b5 axb5 46.a6 Ba3 47.Qb7 Qxb7 48.axb7 Bd6 49.cxb5 {#r} 1-0

[Event "Bundesliga 2016-17"]
[Site "masterchessopen.com Schwaebisch Hall GER"]
[Date "2017.03.19"]
[Round "10.8"]
[White "Paehtz,E"]
[Black "Lindgren,P"]
[Result "1-0"]
[WhiteElo "2459"]
[BlackElo "2420"]
[EventType "team"]

1.d4 d5 2.c4 e6 3.Nf3 Nf6 4.g3 Bb4+ 5.Nbd2 dxc4 6.Bg2 b5 7.O-O Bb7 8.a4 a6
9.axb5 axb5 10.Rxa8 Bxa8 11.Nxc4 O-O 12.Na3 Bxa3 13.bxa3 Bd5 14.Qd3 c6 15.Bg5
Nbd7 16.Re1 Qa5 17.Bd2 Qa4 18.e4 Qb3 19.Qxb3 Bxb3 20.Bb4 Rc8 21.Nd2 Ba4 22.f4
Nb8 23.Rc1 Rd8 24.Bc5 Nfd7 25.Be7 Re8 26.Bd6 f6 27.Kf2 Kf7 28.e5 f5 29.h3 h6
30.g4 fxg4 31.hxg4 g6 32.Be4 Nb6 33.Bxb8 Rxb8 34.Rxc6 Nd5 35.Bxd5 exd5 36.Rf6+
Kg7 37.Rd6 Rc8 38.Rxd5 Rc2 39.Ke2 Ra2 40.Rd7+ Kf8 41.e6 Bb3 42.f5 Bc4+ 43.Ke3
Rxa3+ 44.Kf4 Ba2 45.Ne4 {#r} 1-0

[Event "Bundesliga 2016-17"]
[Site "masterchessopen.com Schwaebisch Hall GER"]
[Date "2017.03.19"]
[Round "10.8"]
[White "Schenk,An"]
[Black "Vogel,Roven"]
[Result "1-0"]
[WhiteElo "2463"]
[BlackElo "2415"]
[EventType "team"]

1.d4 d5 2.c4 c6 3.Nf3 Nf6 4.Qb3 dxc4 5.Qxc4 Bg4 6.Nbd2 Nbd7 7.g3 e6 8.Bg2 Be7
9.O-O O-O 10.Qb3 Qb6 11.Nc4 Qa6 12.Bg5 h6 13.Bd2 Nd5 14.Rfe1 c5 15.e4 Bxf3
16.Bxf3 Nc7 17.dxc5 Nxc5 18.Qc2 Nb5 19.Be3 Rfd8 20.Red1 Rxd1+ 21.Rxd1 Qxa2
22.e5 Qa6 23.Nd6 Bxd6 24.exd6 Nd7 25.Qe4 Rb8 26.Qb4 Ne5 27.Be2 Qc6 28.Qxb5
Nf3+ 29.Kh1 Qe4 30.Qd3 Qc6 31.Rc1 Ne5+ 32.Rxc6 Nxd3 33.Rc7 {#r} 1-0

[Event "TCh-LTU 2017"]
[Site "masterchessopen.com Lithuania LTU"]
[Date "2017.03.19"]
[Round "7.1"]
[White "Vedrickas,T"]
[Black "Ceponis,Tadas"]
[Result "1-0"]
[WhiteElo "2392"]
[BlackElo "2117"]
[EventType "team"]

1.d4 d5 2.c4 c6 3.Nc3 Nf6 4.cxd5 cxd5 5.f3 Qb6 6.e3 Nc6 7.Bd3 Bd7 8.Nge2 e5
9.O-O Bd6 10.dxe5 Bxe5 11.f4 Bd6 12.Bc2 O-O-O 13.a3 Rhe8 14.b4 Bg4 15.h3 Bxe2
16.Nxe2 Rxe3 17.Bxe3 Qxe3+ 18.Kh1 Ne4 19.Bxe4 dxe4 20.Qc2 Bxb4 21.axb4 Rd2
22.Qc3 Qxe2 23.Qxg7 a6 24.Rfe1 Qc4 25.Qg8+ Rd8 26.Qxh7 Qxb4 27.Qxf7 Rd7 28.Qe6
Kc7 29.Rab1 Qd6 30.Qxd6+ Rxd6 31.Rxe4 b5 32.f5 b4 33.Rf1 Nd8 34.Rxb4 a5 35.Re4
{#r} 1-0

[Event "TCh-LTU 2017"]
[Site "masterchessopen.com Lithuania LTU"]
[Date "2017.03.19"]
[Round "7.1"]
[White "Kaunas,K"]
[Black "Brazdzionis,A"]
[Result "1-0"]
[WhiteElo "2169"]
[BlackElo "2288"]
[EventType "team"]

1.d4 e6 2.c4 Nf6 3.Nc3 Bb4 4.Qc2 Nc6 5.Nf3 d5 6.Bg5 h6 7.Bxf6 Qxf6 8.a3 Bxc3+
9.Qxc3 O-O 10.e3 a6 11.Be2 Rd8 12.O-O Bd7 13.b4 dxc4 14.Bxc4 Re8 15.Rfd1 Qe7
16.Be2 Red8 17.Rd2 Be8 18.Rc1 Rac8 19.Qc5 Qf6 20.Rdc2 a5 21.b5 b6 22.Qc3 Ne7
23.Qb2 Nd5 24.Ne5 Qe7 25.Bf3 f6 26.Nc6 Bxc6 27.Rxc6 Rd6 28.Rxd6 Qxd6 29.Rc6
Qe7 30.Qc1 Qd7 31.Bxd5 exd5 32.a4 Kf8 33.Qc2 Kg8 34.g3 Kh8 35.Kg2 Kg8 36.h4
Kh8 37.Kf3 Kg8 38.g4 f5 39.gxf5 Qf7 40.Kg4 Qd7 41.Kg3 Rf8 42.Rxc7 Qd6+ 43.Kg2
Qf6 44.Rc8 Qxh4 45.Rxf8+ Kxf8 46.Qc8+ Kf7 47.Qe6+ Kf8 48.Qd6+ Ke8 49.Qg6+ Kf8
50.Qd6+ Ke8 51.Qg3 Qe4+ 52.Qf3 Qh4 53.Kf1 Qd8 54.e4 dxe4 55.Qxe4+ Kf8 56.d5
Qc7 57.Kg2 Qd6 58.Kf3 Qa3+ 59.Kg4 Qc1 60.Qd3 Qg5+ 61.Kf3 Qh5+ 62.Kf4 Qg5+
63.Ke4 Qh4+ 64.Ke3 Qg5+ 65.Kf3 Qh5+ 66.Ke3 Qg5+ 67.Ke2 Qh5+ 68.Kd2 Qh4 69.Qe3
Qb4+ 70.Ke2 Qg4+ 71.f3 Qc4+ 72.Kf2 Qxd5 73.Qxb6 Qd2+ 74.Kf1 Qd1+ 75.Kg2 Qd2+
76.Qf2 Qg5+ 77.Qg3 Qxf5 78.Qd6+ Ke8 79.b6 Qg5+ 80.Kf2 Qh4+ 81.Ke3 Qe1+ 82.Kd4
Qf2+ 83.Kc4 Qxf3 84.Kb5 h5 85.Qc6+ {#r} 1-0

[Event "TCh-LTU 2017"]
[Site "masterchessopen.com Lithuania LTU"]
[Date "2017.03.19"]
[Round "7.1"]
[White "Setkauskas,V"]
[Black "Jankunas,T"]
[Result "0-1"]
[WhiteElo "2183"]
[BlackElo "2035"]
[EventType "team"]

1.d4 Nf6 2.Nc3 g6 3.e4 d6 4.g3 Bg7 5.Bg2 O-O 6.Nge2 e5 7.O-O Nbd7 8.h3 exd4
9.Nxd4 Nc5 10.Re1 Re8 11.Kh2 a5 12.Nb3 Nfd7 13.Nd4 Nf6 14.Bf4 Nh5 15.Be3 Nf6
16.Bg5 h6 17.Bf4 Nh5 18.Be3 Nf6 19.f3 Kh7 20.Bf2 Ne6 21.f4 Nxd4 22.Bxd4 Bd7
23.e5 dxe5 24.fxe5 Nh5 25.Bxb7 Rb8 26.Be4 Nxg3 27.Kxg3 c5 28.Be3 Bxe5+ 29.Kg2
Bxc3 30.Qf3 Rxe4 31.Qxe4 Bxe1 32.Rxe1 Rxb2 33.Kg1 Bf5 34.Qc4 Qc7 35.Bf4 Qb7
36.Re2 Rb1+ 37.Kf2 Bxh3 38.Qxc5 Rf1+ {#R} 0-1

[Event "TCh-LTU 2017"]
[Site "masterchessopen.com Lithuania LTU"]
[Date "2017.03.19"]
[Round "7.2"]
[White "Narmontas,M"]
[Black "Zagorskis,D"]
[Result "1-0"]
[WhiteElo "2411"]
[BlackElo "2466"]
[EventType "team"]

1.e4 c5 2.Nf3 e6 3.d4 cxd4 4.Nxd4 Nc6 5.Nc3 Qc7 6.Be3 a6 7.Bd3 Nf6 8.O-O Ne5
9.h3 Bc5 10.Kh1 d6 11.f4 Ned7 12.Qe1 b5 13.b4 Bxd4 14.Bxd4 e5 15.Nd5 Nxd5
16.exd5 O-O 17.fxe5 Nxe5 18.Bxe5 dxe5 19.d6 Qxd6 20.Qe4 Qh6 21.Qxa8 Bxh3
22.Qa7 e4 23.Qf2 Bc8+ 24.Kg1 exd3 25.cxd3 Qd6 26.d4 Qxb4 27.d5 Bb7 28.Rad1 Qd6
29.Qa7 Bc8 30.Rf2 Bd7 31.Rc2 Rd8 32.Qc7 Qxc7 33.Rxc7 Kf8 34.d6 b4 35.Rb7 Bb5
36.Rd4 g5 37.Kf2 Kg7 38.Rb6 b3 39.a4 b2 40.Rb4 {#r} 1-0

[Event "TCh-LTU 2017"]
[Site "masterchessopen.com Lithuania LTU"]
[Date "2017.03.19"]
[Round "7.2"]
[White "Kazakovskiy,Valeriy"]
[Black "Kalvaitis,S"]
[Result "1-0"]
[WhiteElo "2430"]
[BlackElo "2284"]
[EventType "team"]

1.d4 c5 2.d5 f5 3.e4 fxe4 4.Nc3 Nf6 5.g4 h6 6.Bg2 e5 7.Nxe4 d6 8.h3 Be7 9.Ne2
O-O 10.N4g3 Na6 11.O-O c4 12.Be3 Bd7 13.f4 exf4 14.Nxf4 Nh7 15.Ne6 Rxf1+
16.Qxf1 Bxe6 17.dxe6 Qc7 18.Qf7+ Kh8 19.Nf5 Bf6 20.e7 {#r} 1-0

[Event "TCh-LTU 2017"]
[Site "masterchessopen.com Lithuania LTU"]
[Date "2017.03.19"]
[Round "7.2"]
[White "Vaicekauskas,G"]
[Black "Vaznonis,V"]
[Result "0-1"]
[WhiteElo "2228"]
[BlackElo "2383"]
[EventType "team"]

1.e4 e6 2.d4 d5 3.Nc3 Nf6 4.Bg5 Be7 5.e5 Nfd7 6.h4 O-O 7.Qg4 f6 8.Bd3 Rf7
9.Nf3 Nc6 10.Nxd5 exd5 11.e6 Bb4+ 12.c3 Re7 13.O-O-O Nf8 14.Bxf6 Bxe6 15.Qg5
h6 16.Qg3 Bd6 17.Ne5 Bxe5 18.dxe5 Qd7 19.Bxe7 Nxe7 20.Bc2 Bf5 21.Qe3 Bxc2
22.Kxc2 Qf5+ 23.Kc1 Ne6 24.g3 c5 25.f4 h5 26.Qf3 b5 27.Rh2 a5 28.Rc2 Rc8
29.Qd3 Qxd3 30.Rxd3 Kf7 31.f5 Nxf5 32.Rxd5 Ke7 33.Rd3 c4 34.Rf3 g6 35.Rg2 Nc5
36.Kc2 Nd3 {#R} 0-1

[Event "TCh-LTU 2017"]
[Site "masterchessopen.com Lithuania LTU"]
[Date "2017.03.19"]
[Round "7.2"]
[White "Burstein,R"]
[Black "Vasylius,K"]
[Result "1-0"]
[WhiteElo "2326"]
[BlackElo "2080"]
[EventType "team"]

1.c4 c5 2.g3 Nf6 3.Bg2 d5 4.cxd5 Nxd5 5.Nc3 Nc7 6.Nf3 Nc6 7.O-O e5 8.Qa4 Bd7
9.d3 Be7 10.Be3 O-O 11.Rac1 b5 12.Qd1 f5 13.Ne1 Rb8 14.Nd5 Ne6 15.b4 Ncd4
16.Nf3 Nxf3+ 17.Bxf3 Rc8 18.Qb3 cxb4 19.Rxc8 Bxc8 20.Rc1 Bd6 21.Nxb4 Bxb4
22.Qxb4 a6 23.Rc6 Kh8 24.Bb6 Qe8 25.Bd5 Rf6 26.Rd6 Bd7 27.Qa3 Qc8 28.Bxe6 Rxe6
29.Rxd7 Rxb6 30.Qe7 Qc1+ 31.Kg2 Qc6+ 32.f3 {#r} 1-0